Advanced science

Detalles Bibliográficos
Formato: Electrónico Revista
Lenguaje:inglés
Publicado: Weinheim : WILEY-VCH, [2014]-
Materias:
Acceso en línea:Full text available from Research Library: 12/01/2014 to present

MARC

LEADER 00000nas a2200000 i 4500
001 ssj0001537418
003 WaSeSS
005 20200512172242.0
006 m d
007 cr n
008 150216c20149999gw mr p s 0 0eng c
010 |a  2015243396 
015 |a GBB525017  |2 bnb 
016 7 |a 101664569  |2 DNLM 
016 7 |a 017020814  |2 Uk 
022 |a 2198-3844  |l 2198-3844 
035 |a (WaSeSS)ssj0001537418 
040 |a NLGGC  |b eng  |e pn  |c NLGGC  |d CUS  |d NLM  |d DLC  |d OCLCF  |d OCLCQ  |d CASUM  |d OCLCO  |d OCLCA  |d CUS  |d NLE  |d OCLCQ  |d UKMGB  |d OCLCA  |d OCLCQ  |d VT2  |d WaSeSS 
042 |a pcc 
050 0 0 |a Q1 
060 0 0 |a W1 
130 0 |a Advanced science (Weinheim, Baden-Württemberg, Germany) 
210 1 0 |a Adv Sci (Weinh)  |2 dnlm 
245 1 0 |a Advanced science  |h [electronic resource]. 
260 |a Weinheim :  |b WILEY-VCH,  |c [2014]- 
310 |a Monthly 
362 1 |a Began with Volume 1, number 1 (December 2014). 
506 |a License restrictions may limit access. 
515 |a Vol. 1 complete in 1 issue. 
588 |a Description based on: Volume 1, number 1 (December 2014); title from PDF cover (publisher's Web site, viewed Sept. 29, 2015). 
588 |a Latest issue consulted: Volume 3, number 9 (January 2016) (Wiley Online Library, viewed February 1, 2016). 
650 0 |a Science  |v Periodicals. 
650 7 |a Science.  |2 fast  |0 (OCoLC)fst01108176 
650 1 2 |a Biomedical Research. 
655 0 |a Electronic journals. 
850 |a DLC 
856 4 0 |z Full text available from Research Library: 12/01/2014 to present  |u https://search.proquest.com/publication/4365299